Aplikácia biopolymérnej zložky do kaučukových zmesí

Na minha lista:
Detalhes bibliográficos
Autor principal: Proksová, Adriana (Author)
Outros Autores: Kruželák, Ján (Thesis advisor)
Formato: Manuscrito Livro
Idioma:eslovaco
Publicado em: 2021
Assuntos:
Acesso em linha:http://is.stuba.sk/zp/portal_zp.pl?podrobnosti=157638
Tags: Adicionar Tag
Sem tags, seja o primeiro a adicionar uma tag!

MARC

LEADER 00000ntm a22000003a 4500
001 stuzp83654
003 SK-STU
005 20210605210406.3
007 ta
008 150427s2015----xo-----f-mn---000-0-slo-d
040 |a STU  |b slo 
041 0 |a slo 
100 1 |a Proksová, Adriana  |u 049370  |4 aut  |U FCHPT Ústav prírodných a syntetických polymérov  |T FCHPT Oddelenie plastov, kaučuku a vlákien  |X 76515  |U C9370  |Y 128  |7 76515 
242 0 1 |a Application of biopolymer component into rubber compounds  |y eng 
245 1 0 |a Aplikácia biopolymérnej zložky do kaučukových zmesí 
260 |c 2021 
650 4 |a fyzikálno - mechanické vlastnosti  |2 slo 
650 4 |a lignosulfonát vápenatý  |2 slo 
650 4 |a kaučukové zmesi  |2 slo 
650 4 |a peroxidové vulkanizačné systémy  |2 slo 
650 4 |a sieťovanie  |2 slo 
650 4 |a sírny vulkanizačný systém  |2 slo 
650 4 |a calcium lignosulphonate  |2 eng 
650 4 |a rubber compounds  |2 eng 
650 4 |a peroxide vulcanization systems  |2 eng 
650 4 |a sulphur vulcanization system  |2 eng 
650 4 |a cross - linking  |2 eng 
650 4 |a physical - mechanical properties  |2 eng 
700 1 |a Kruželák, Ján  |u 049370  |k Z1  |4 ths  |U FCHPT Ústav prírodných a syntetických polymérov  |T FCHPT Oddelenie plastov, kaučuku a vlákien  |X 25508  |U C9370  |Y 128  |7 A000025508 
856 4 |u http://is.stuba.sk/zp/portal_zp.pl?podrobnosti=157638